1988 1220 1940 1784 1445 1708 1949 1854 1494 1092 1482 1261 1454 1858 1068 1925 1445 1235 1660 1294 1958 1250 1906 1885 1214 1214 1820 1316 1951 1410 1066 1075 1480 1896 1329 1243 1191 1193 1597 1496 1054 1507 1186 1147 1996 1156 1892 1574 1541 1511 1660 1156 1247 1949 1427 1655 1155 1355 1985 1479 1059 1043 1866 1323 1087 1277 1588 1599 1783 1680 1992 1691 1496 1489 1549 1461 1603 1561 1121 1876 1718 1957 1585 1140 1103 1577 1155 1241 1314 1131 1698 1473 1095 1769 1917 1425 1796 1940 1937 BCNSPRNW ULIB Ver.6.0+V

เปลี่ยนเป็นภาษาไทย

Change to English
 แสดงรายละเอียดบรรณานุกรม
  กลับหน้าหลัก

Brief Record : Get Marc (ISO 2709) : E-mail record : QR code < ปิดหน้าต่าง
LEADER : 00000nam 2200000uu 4500
001    13399120222
003     ULIB
008    020711s2007 th a 000 0 eng d
020    9780071111874
050    QS4^bS211H
100    SALADIN
245    HUMAN ANATOMY/^cSALADIN
260    Boston Burr Ridge,IL :^bHigher Education,^c2007
945    ^p0^l0^i24868
999    ^aทศพร เกษรทอง
รายการนี้ยังไม่มีแท็ก
คุณยังไม่ได้ล็อกอิน คุณสามารถมีกิจกรรมร่วมกับเว็บไซต์ได้ แต่ต้องล็อกอินก่อน ::
  ล็อกอิน

รายการสื่อสารสนเทศ

ลำดับที่ ประเภท เลขเรียก/บาร์โค้ด สถานที่ สถานะ
1. วิทยาศาสตร์การแพทย์ และสุขภาพ
วิทยาศาสตร์การแพทย์ และสุขภาพ
QS4 S211H  
  Barcode: 24868
ห้องสมุดวิทยาเขตสวรรค์ประชารักษ์
►หนังสือทั่วไป
บนชั้น

BibComment


ยังไม่เคยถูกคอมเมนท์

คอมเมนท์ทรัพยากรรายการนี้
  คอมเมนท์: HUMAN ANATOMY SAL..


 Copyright 2026. Bcnsprnw @Library